| 000 | 00758nam a22002057a 4500 | ||
|---|---|---|---|
| 003 | OSt | ||
| 005 | 20241130100549.0 | ||
| 008 | 241130b |||||||| |||| 00| 0 eng d | ||
| 020 | _a9780406851192 | ||
| 040 | _cCentral University Library | ||
| 245 |
_aThe All England Law Reports 1977 Vol. 3 _cEditors: R N G Harrison BA; Wendy Shockett |
||
| 260 |
_aLondon, United Kingdom _bButterworth & Co. (Publishers) Ltd. _c1977 |
||
| 300 |
_aviii, 1136 pages _c23.5 cm |
||
| 490 | _3Law Reports | ||
| 500 | _aTHE ALL ENGLAND LAW REPORTS - 1977 VOLUME 3. | ||
| 600 |
_2Law Reports _xEngland |
||
| 700 |
_aR N G Harrison BA (of Lincoln's Inn, Barrister) _eConsulting Editor |
||
| 700 |
_aWendy Shockett (of Gray's Inn, Barrister) _eActing Editor |
||
| 942 |
_2lcc _cBK _n0 |
||
| 999 |
_c1809 _d1809 |
||